• 首页
  • 本馆介绍
  • 公告通知
  • 最新文献
  • 馆藏检索
  • 电子资源
  • 读者导购
  • 参考咨询
  • 我的图书馆
  • 登录
  • 详细信息显示
  • 放入我的书架
  • 预约/预借图书
  • 作者相关作品
  • 分类相关作品
  • 丛书相关作品
  • 出版社相关作品

书目信息

  • 表格格式
  • 工作单格式
  • 卡片格式
题名:
新增值税暂行条例及实施细则解读与疑难问题精解
    
 
作者: 许太谊 主编
分册:  
出版信息: 北京   中国市场出版社  2009.01
页数: 23, 355页
开本: 24cm
丛书名:
单 册:
中图分类: D922.220.5
科图分类:
主题词: 增值税--zeng zhi shui--条例--法律解释--中国
电子资源:
ISBN: 978-7-5092-0391-0
000 01028nam0 2200253 450
001 CAL012009017461
005 20090226163740.7
010    @a978-7-5092-0391-0@dCNY39.80
099    @aCAL 012009017461
100    @a20100913d2009 ekmy0chiy50 ea
101 0  @achi
102    @aCN@b110000
105    @ak z 000yy
200 1  @a新增值税暂行条例及实施细则解读与疑难问题精解@9xin zeng zhi shui zan xing tiao li ji shi shi xi ze jie du yu yi nan wen ti jing jie@f许太谊主编
210    @a北京@c中国市场出版社@d2009.01
215    @a23, 355页@d24cm
314    @a许太谊,男,高级会计师、注册会计师、注册税务师等职务。现在中央国家机关负责资产、财务管理的内部审计工作。
330    @a本书是一本新增值税税收管理知识解读与疑难问题精解的书籍。书中内容包括:新增值税暂行条例及实施细则主要变化、增值税疑难问题精解等。
333    @a税务工作者及相关读者。
606 0  @a增值税@9zeng zhi shui@x条例@x法律解释@y中国
690    @aD922.220.5@v5
701  0 @a许太谊@9xu tai yi@4主编
905    @aBZT@dD922.220.5@e3
906    @dCNY39.80@n0@r1
    
    新增值税暂行条例及实施细则解读与疑难问题精解/许太谊主编.-北京:中国市场出版社,2009.01
    23, 355页;24cm
    使用对象:税务工作者及相关读者。
    
    ISBN 978-7-5092-0391-0:CNY39.80
    本书是一本新增值税税收管理知识解读与疑难问题精解的书籍。书中内容包括:新增值税暂行条例及实施细则主要变化、增值税疑难问题精解等。
●
相关链接 在五车中查询图书 在当当中查询图书 在豆瓣中查询图书


正题名:新增值税暂行条例及实施细则解读与疑难问题精解     索取号:D922.220.5/3         预约/预借

序号 登录号 条形码 馆藏地/架位号 状态 备注
1 775078   2000775078   中心书库南/013架A面2层4列/ [索取号:D922.220.5/3] 在馆    
2 775079   2000775079   中心书库南/013架A面2层4列/ [索取号:D922.220.5/3] 在馆    
3 775080   2000775080   中心书库南/013架A面2层4列/ [索取号:D922.220.5/3] 在馆    
4 775081   2000775081   中心书库南/013架A面2层4列/ [索取号:D922.220.5/3] 在馆    
5 775082   2000775082   中心书库南/013架A面2层4列/ [索取号:D922.220.5/3] 在馆    
6 775083   2000775083   中心书库南/013架A面2层4列/ [索取号:D922.220.5/3] 在馆    
7 775084   2000775084   中心书库南/013架A面2层4列/ [索取号:D922.220.5/3] 在馆    
8 775085   2000775085   中心书库南/013架A面2层4列/ [索取号:D922.220.5/3] 在馆    
9 775086   2000775086   中心书库南/013架A面2层4列/ [索取号:D922.220.5/3] 在馆    
10 775087   2000775087   中心书库南/013架A面2层4列/ [索取号:D922.220.5/3] 在馆    
山东省滨州职业学院图书馆 欢迎您!
大连网信软件有限公司© 版权所有